Normal view
MARC view
Entry Geographic Name
001 - CONTROL NUMBER
- control field: 10535
003 - CONTROL NUMBER IDENTIFIER
- control field: ARRUPE
005 - DATE AND TIME OF LATEST TRANSACTION
- control field: 20140602135602.0
008 - FIXED-LENGTH DATA ELEMENTS
- fixed length control field: 140602|| aca||aabn | a|a d
040 ## - CATALOGING SOURCE
- Original cataloging agency: ARRUPE
- Transcribing agency: ARRUPE
151 ## - HEADING--GEOGRAPHIC NAME
- Geographic name: Africa, Eastern
- General subdivision: Ethnic relations
- Form subdivision: Congresses.
670 ## - SOURCE DATA FOUND
- Source citation: Work cat.: (ARRUPE)0: Njogu, Kimani. 10533, Ethnic diversity in eastern Africa :, c2010.